Изотопные исследования природных вод

গ্রন্থ-পঞ্জীর বিবরন
সংস্থা লেখক: Академия наук СССР Институт водных проблем
অন্যান্য লেখক: Ферронский В. И. (редактор)
ভাষা:রুশ
প্রকাশিত: Москва, Наука, 1979
বিষয়গুলি:
বিন্যাস: MixedMaterials গ্রন্থ
KOHA link:https://koha.lib.tpu.ru/cgi-bin/koha/opac-detail.pl?biblionumber=365876

MARC

LEADER 00000nam0a2200000 4500
001 365876
005 20231102011828.0
035 |a (RuTPU)RU\TPU\retro\23239 
090 |a 365876 
100 |a 20220125d1979 km y0rusy50 ca 
101 0 |a rus 
102 |a RU 
105 |a a z 001zy 
200 1 |a Изотопные исследования природных вод  |f Академия наук СССР, Институт водных проблем ; отв. ред. В. И. Ферронский 
210 |a Москва  |c Наука  |d 1979 
215 |a 224 с.  |c ил. 
320 |a Библиогр. в конце ст. 
606 1 |a Воды природные  |x Изотопный состав  |2 stltpush  |3 (RuTPU)RU\TPU\subj\3205  |9 31658 
610 1 |a изотопные исследования 
610 1 |a стабильные изотопы 
610 1 |a радиоактивные изотопы 
610 1 |a волновой баланс 
610 1 |a распределение 
610 1 |a изотопы урана 
610 1 |a распад 
610 1 |a продукты 
675 |a 556.114.6  |v 4 
702 1 |a Ферронский  |b В. И.  |4 340 
712 0 2 |a Академия наук СССР  |b Институт водных проблем  |c (Москва)  |2 stltpush  |3 (RuTPU)RU\TPU\col\11860  |9 25278 
801 1 |a RU  |b 63413507  |c 20220125 
942 |c BK